ბათუმის შოთა რუსთაველის სახელმწიფო უნივერსიტეტის ბიბლიოთეკა

Административное право : (ბიბ.ჩანაწერი № 36112)

000 -LEADER
fixed length control field 00799nam a2200241Ia 4500
001 - CONTROL NUMBER
control field 2012
003 - CONTROL NUMBER IDENTIFIER
control field GE_BSU
005 - DATE AND TIME OF LATEST TRANSACTION
control field 20221010163502.0
008 - FIXED-LENGTH DATA ELEMENTS--GENERAL INFORMATION
fixed length control field 181216s2006ru xx |||||||||||||| ||rus||
020 ## - INTERNATIONAL STANDARD BOOK NUMBER
International Standard Book Number 5699170243
040 ## - CATALOGING SOURCE
Transcribing agency GE_BSU
041 ## - LANGUAGE CODE
Language code of text/sound track or separate title rus
080 ## - UNIVERSAL DECIMAL CLASSIFICATION NUMBER
Universal Decimal Classification number 342.9(075.8) А-23
100 ## - MAIN ENTRY--PERSONAL NAME
Personal name Агапов,А.Б.
9 (RLIN) 15210
245 ## - TITLE STATEMENT
Title Административное право :
Remainder of title Учебник. для студ. /
Statement of responsibility, etc. А.Б. Агапов.
250 ## - EDITION STATEMENT
Edition statement 5-е изд. доп. и перераб
264 ## - PRODUCTION, PUBLICATION, DISTRIBUTION, MANUFACTURE, AND COPYRIGHT NOTICE
Place of production, publication, distribution, manufacture Москва :
Name of producer, publisher, distributor, manufacturer Эксмо,
Date of production, publication, distribution, manufacture, or copyright notice 2006.
300 ## - PHYSICAL DESCRIPTION
Extent 784 стр.:
Other physical details 21см.
653 ## - INDEX TERM--UNCONTROLLED
keyword Административное право
653 ## - INDEX TERM--UNCONTROLLED
keyword Ადმინისტრაციული სამართლი
653 ## - INDEX TERM--UNCONTROLLED
keyword სამართლი
942 ## - ADDED ENTRY ELEMENTS (KOHA)
Koha item type წიგნი
Source of classification or shelving scheme
ეგზემპლარები
Withdrawn status Lost status Source of classification or shelving scheme Damaged status Not for loan Permanent Location Current Location Shelving location Date acquired Cost, normal purchase price Full call number Barcode Date last seen Copy number Price effective from Koha item type Public note
          ბათუმის შოთა რუსთაველის სახელმწიფო უნივერსიტეტის მთავარი ბიბლიოთეკა ბათუმის შოთა რუსთაველის სახელმწიფო უნივერსიტეტის მთავარი ბიბლიოთეკა წიგნსაცავი 2018-12-17 30.00 342.9(075.8) А-23 3930 2018-12-17 3930 2018-12-17 წიგნი 30.00